| 000 | 00495nam a2200145Ia 4500 | ||
|---|---|---|---|
| 008 | 140724s9999 xx 000 0 und d | ||
| 050 |
_aTS 155 _b.B352 2012 |
||
| 100 | _aBautista, Bienvenido Lorenzo C. | ||
| 245 |
_aInventory system for Auszeal Incorporated / _cBienvenido Lorenzo C. Bautista. |
||
| 260 |
_aLas PiƱas, Philippines : _bSouthville International School and Colleges, _cc2012. |
||
| 300 |
_a38 p. : _c28 cm. |
||
| 521 | _aInformation Technology | ||
| 942 | _cTH | ||
| 999 |
_c228832 _d228832 |
||